Correlatos entre bienestar subjetivo y regulación emocional del enojo : diferencias por sexo (Record no. 171150)
[ view plain ]
| 000 -CABECERA | |
|---|---|
| campo de control de longitud fija | 01751nab a2200253 a 4500 |
| 005 - FECHA Y HORA DE LA ÚLTIMA TRANSACCIÓN | |
| campo de control | 20210223132426.0 |
| 008 - ELEMENTOS DE LONGITUD FIJA--INFORMACIÓN GENERAL | |
| campo de control de longitud fija | 991125s1985 mx 000 0 spa u |
| 035 ## - NÚMERO DE CONTROL DEL SISTEMA | |
| Número de control de sistema | UPN01000199049 |
| 049 ## - COLECCIÓN | |
| Colección | ART |
| 100 1# - ASIENTO PRINCIPAL--NOMBRE PERSONAL | |
| Nombre de persona | Martínez Pérez, Magali |
| 100 1# - ASIENTO PRINCIPAL--NOMBRE PERSONAL | |
| Filiación | magy_0313@yahoo.com.mx |
| 100 1# - ASIENTO PRINCIPAL--NOMBRE PERSONAL | |
| Nombre de persona | Sánchez Aragón, Rozzana, |
| Fechas asociadas al nombre | 1969- |
| 9 (RLIN) | 36258 |
| 222 #0 - TÍTULO CLAVE | |
| Título clave | ENSEÑANZA E INVESTIGACION EN PSICOLOGIA |
| 245 00 - MENCIÓN DE TÍTULO | |
| Título | Correlatos entre bienestar subjetivo y regulación emocional del enojo : diferencias por sexo |
| 260 ## - PUBLICACIÓN, DISTRIBUCIÓN, ETC. | |
| Lugar de publicación, distribución, etc. | Jalapa, México |
| 300 ## - DESCRIPCIÓN FÍSICA | |
| Extensión | 179-198 |
| 362 0# - FECHAS DE PUBLICACIÓN Y/O DESIGNACIÓN SECUENCIAL | |
| Fecha de publicación y/o designación secuencial | 2014 Nueva época, Vol. 19, no. 1, ene.-jun. |
| 520 3# - NOTA DE RESUMEN, ETC. | |
| Sumario, etc. | Las experiencias emocionales negativas se asocian con el bienestar subjetivo, pero se ignora si la manera de regularlas se relaciona con los reportes de bienestar. El presente estudio exploró la asociación entre el bienestar percibido y ciertas variables culturales (premisas histórico-socio-culturales) e individuales (automonitoreo, estrategias y autoeficacia) involucradas en la regulación del enojo, así como las posibles diferencias sexuales. Participaron 220 residentes que respondieron voluntariamente una batería de prueblas. Se encontró que las creencias culturales y el uso de estrategias que disminuyen la intensidad del enojo se asocian positivamente con el bienestar con amigos y trabajo, y que hay más similitudes que diferencias entre hombres y mujeres en las variables evaluadas. Los hallazgos señalan la importancia de regular apropiadamente emociones negativas como el enojo a fin de incrementar el bienestar subjetivo de hombres y mujeres |
| 653 0# - TERMINO DE INDIZACION - NO CONTROLADO | |
| Término no controlado | ENOJO |
| 653 0# - TERMINO DE INDIZACION - NO CONTROLADO | |
| Término no controlado | BIENESTAR SUBJETIVO |
| 653 0# - TERMINO DE INDIZACION - NO CONTROLADO | |
| Término no controlado | DIFERENCIAS SEXUALES |
| 653 0# - TERMINO DE INDIZACION - NO CONTROLADO | |
| Término no controlado | REGULACION EMOCIONAL |
| 905 ## - TIPO DE MATERIAL | |
| Tipo de material | Articulo |
No items available.
